La Enfermedad cerebrovascular en el paciente adulto joven v 4, n. 1

Se estudiaron 23 pacientes adultos jovenes con enfermedad cerebro-vascular cuyas edades estaban comprendidas entre los 15 a 46 años de edad, de los cuales 12 fueron de tipo hemorrágico y 11 de tipo osquémico con infarto cerebral. De éstos las causas más frecuentes fueron las vasculitis de tipo infe...

Disgrifiad llawn

Manylion Llyfryddiaeth
Prif Awdur: Parra, Pablo
Awduron Eraill: Ochoa, María, Carpio Rodas, Arturo
Fformat: Erthygl
Iaith:Spanish
Cyfres:Revista del Instituto de Investigaciones en Ciencias de la Salud
Pynciau:

MARC

LEADER 00000nsb a2200000 a 4500
005 20240112151156.0
008 013061| ||||||||r|||||||||||spa||
040 |b spa 
041 1 |a spa 
082 0 |a UC-IDICSA  |b 610.5 
100 1 |a Parra, Pablo  |9 157077 
245 |a La Enfermedad cerebrovascular en el paciente adulto joven  |c Pablo Parra, María Ochoa y Arturo Carpio,   |h imp  |n v 4, n. 1 
264 |a Cuenca  |b Universidad de Cuenca  |c julio 1989 
300 |a páginas: 25-32 
300 |b il. 
362 |a 4; 1 
490 |a Revista del Instituto de Investigaciones en Ciencias de la Salud 
500 |a Publicación de investigación científica Puede solicitar a: bibmedi@ucuenca.edu.ec 
520 3 |a Se estudiaron 23 pacientes adultos jovenes con enfermedad cerebro-vascular cuyas edades estaban comprendidas entre los 15 a 46 años de edad, de los cuales 12 fueron de tipo hemorrágico y 11 de tipo osquémico con infarto cerebral. De éstos las causas más frecuentes fueron las vasculitis de tipo infeccioso 27secundaria a tuberculosis y cisticercosis del sistema nervioso central, y la ateroesclerosis precoz 27. Otra causa menos frecuente fue la embolia 18y de origen traumático 18. No se pudo establecer el diagnóstico en un caso 9. Las infecciones del sistema nervioso central como la tuberculosis y cisticercosis, de elevada frecuencia en los países subdesarrollados deben ser considerados como un factor de riesgo de padecer vasculitis como causa de unnproceso vascular cerebral isquémico con infarto en adultos jóvenes 
650 1 |a Encefalopatias  |9 277347 
650 1 |a Enfermedad cerebrovascular  |9 163540 
650 1 |a Adulto joven  |9 85661 
650 1 |a Pacientes 
650 1 |a Medicina interna  |9 4299 
650 1 |a Hospsital regional vicente corral moscoso  |9 162138 
650 1 |a Cuenca-Ecuador  |9 1055 
700 1 |a Ochoa, María  |9 277348 
700 1 |a Carpio Rodas, Arturo.  |9 63589 
773 0 |0 21389c  |9 21389c  |a Parra, Pablo Ochoa, María   |d Cuenca Universidad de Cuenca julio 1989  |o 21389c  |w 21389c  |t Revista del Instituto de Investigaciones en Ciencias de la Salud  |6 21389c 
852 |a UC-SALUD  |c ESTANTERIA ABIERTA  |f Donación  |k teresa.torres  |l 1  |m Limitada  |p 20130611  |b 1  |d CDRS  |e CDRS  |g UC-IDICSA 610.5 ESTANTERIA ABIERTA  |z 2013-30-61 
942 |c SERA 
999 |c 106224  |d 106224